| Tag |
First Indicator |
Second Indicator |
Subfields |
| LEADER |
00000cam a2200000Ka 4500 |
| 001 |
in00004530472 |
| 005 |
20191205081720.0 |
| 008 |
810211s1980 gw a b 000 0 ger |
| 029 |
1 |
|
|a NLGGC
|b 059636807
|
| 029 |
1 |
|
|a DEBBG
|b BV002076507
|
| 035 |
|
|
|a (OCoLC)ocm07119409
|
| 035 |
|
|
|a (OCoLC)7119409
|
| 035 |
|
|
|z (UtOrBLW)62559
|
| 035 |
|
|
|a 89839
|
| 040 |
|
|
|a AGL
|b eng
|c AGL
|d OCLCQ
|d OCLCG
|d UtOrBLW
|
| 041 |
0 |
|
|a ger
|b eng
|
| 049 |
|
|
|a TMVM
|
| 072 |
|
0 |
|a L800
|
| 100 |
1 |
|
|a Kriegleder, Hannes,
|d 1952-
|
| 242 |
0 |
0 |
|a Morphological findings in guinea-pigs after administration of Trichothecenes Diacetoxyscirpenol and T-2 Toxin.
|y eng
|
| 245 |
1 |
0 |
|a Morphologische Befunde beim Meerschweinchen nach Verabreichung der Trichothecene Diacetoxyscirpenol und T-2 Toxin /
|c von Hannes Kriegleder.
|
| 264 |
|
1 |
|a München :
|b [publisher not identified],
|c 1980.
|
| 300 |
|
|
|a 85 pages :
|b illustrations ;
|c 21 cm.
|
| 336 |
|
|
|a text
|2 rdacontent
|b txt
|
| 337 |
|
|
|a unmediated
|2 rdamedia
|
| 338 |
|
|
|a volume
|2 rdacarrier
|b nc
|
| 490 |
0 |
|
|a Munich. Universität. Tierärztliche Fakultät. Inaugural-Dissertation ;
|v [1980, no. 12]
|
| 504 |
|
|
|a Includes bibliographical references (pages 75-85).
|
| 500 |
|
|
|a English summary.
|
| 500 |
|
|
|a Includes vita.
|
| 994 |
|
|
|a C0
|b TMV
|
| 999 |
|
|
|a MARS
|
| 999 |
f |
f |
|s 4a869dca-4d37-3d8e-aae7-3c0c6205950c
|i fada4a67-6437-3130-853b-19ba5f9a61a4
|t 0
|
| 952 |
f |
f |
|p preservation
|a Texas A&M University
|b J.J. Pickle Campus
|c High Density Repository
|d Remote Storage
|t 0
|e German dissertations
|h Other scheme
|i unmediated -- volume
|m 323890244998I
|
| 998 |
f |
f |
|a German dissertations
|t 0
|l Remote Storage
|